000 00441nam a22001697a 4500
005 20230119103004.0
008 200518b xxu||||| |||| 00| 0 eng d
020 _a9788193697238
041 _aeng
082 _a615 ROS
100 _aRostogi Sammer
_95513
245 _aA Textbook of Human Anatomy and physiology
260 _aDelhi
_bMakhingee Publication shers
300 _a183,vii
650 _aPharmacy
_xB.PHARMA
_97083
942 _cBK
999 _c6277
_d6275